000 00509cab a2200217 4500
001 X1105
008 090401t1993 xxu||||| |||| 00| 0 eng d
035 _a(Sirsi) u14714
041 _aeng
245 _aStability returns to farmland market
260 _c1993
350 _a0
490 _aCS Monthly : Rural Practice
_v3(2) October 1993, 1(1)
650 _aFARMS
650 _aINTEREST RATES
650 _aRICS
650 _aVALUES
690 _aRURAL PRACTICE
942 _n0
948 _c04/03/1997
999 _c9600
_d9600